[Event "It (open) \"]
[Site "Mielno (Poland)"]
[Date "2007.06.25"]
[Round "9"]
[White "Hnydiuk Aleksander (POL)"]
[Black "Przybylski Wojciech (POL)"]
[Result "0-1"]
[WhiteElo "2377"]
[BlackElo "2320"]
[PlyCount "108"]
[EventDate "2007.??.??"]
[Source "www.chesslib.no"]
[SourceDate "2004.05.04"]

1. e4 e5 2. d4 exd4 3. Nf3 Bb4+ 4. c3 dxc3 5. bxc3 Bc5 6. Bc4 d6 7. O-O Nc6 8. Bg5 Nge7 9. Nd4 Ne5 10. Bb3 h6 11. Qh5 O-O 12. Be3 Ng4 13. Nd2 Nf6 14. Qh4 Ng6 15. Qg3 Kh7 16. h3 d5 17. e5 Nxe5 18. Ne6 Bxe6 19. Bxc5 Ned7 20. Bxf8 Nxf8 21. Rad1 c5 22. Bc2+ Kg8 23. Ne4 Qe7 24. Nxf6+ Qxf6 25. Rfe1 b5 26. Bb3 c4 27. Bc2 b4 28. cxb4 Qb2 29. Re2 Qxb4 30. f4 Qb6+ 31. Qf2 f5 32. Re5 g6 33. g4 fxg4 34. hxg4 Rd8 35. f5 gxf5 36. gxf5 Bf7 37. Rd4 Qf6 38. Rg4+ Kh8 39. Qd4 Nh7 40. Kh2 Rf8 41. Re7 Qxd4 42. Rxd4 Ng5 43. Kg3 Rb8 44. f6 Rb6 45. Rf4 Rb2 46. Bf5 Rb6 47. Rxa7 Rxf6 48. Bc2 Kg7 49. a4 Rd6 50. Bf5 d4 51. Rd7 Rxd7 52. Bxd7 d3 53. Kf2 c3 54. Ke3 d2 0-1

[Event "Ibi"]
[Site "?"]
[Date "1996.??.??"]
[Round "?"]
[White "Arizmendi Martinez Julen Luis"]
[Black "Narciso Dublan Marc"]
[Result "1-0"]
[WhiteElo "2250"]
[BlackElo "2440"]
[PlyCount "109"]
[EventDate "1996.??.??"]
[Source "www.chesslib.no"]
[SourceDate "2004.05.04"]

1. e4 e5 2. d4 exd4 3. Nf3 Bb4+ 4. c3 dxc3 5. bxc3 Ba5 6. Bc4 Nc6 7. O-O d6 8. Qb3 Qf6 9. Re1 Nge7 10. e5 Qg6 11. exd6 cxd6 12. Bg5 Bd8 13. Bxe7 Bxe7 14. Nd4 Kf8 15. Bd5 Nd8 16. Nd2 h5 17. Qc4 Bh3 18. Qc7 Bg5 19. Ne4 Bf4 20. Ng3 Be6 21. Bxb7 Nxb7 22. Qxb7 Re8 23. Nxe6+ fxe6 24. Qxa7 d5 25. Qd4 Qg5 26. Re2 Kf7 27. Rae1 h4 28. Nf1 Re7 29. c4 Rd8 30. cxd5 Rxd5 31. Qc4 Qg4 32. Qxd5 exd5 33. Rxe7+ Kf6 34. R7e6+ Qxe6 35. Rxe6+ Kxe6 36. Ne3 d4 37. Nd1 Kd5 38. g3 Bc1 39. Kf1 Kc4 40. a4 hxg3 41. hxg3 Kb4 42. Ke2 Kxa4 43. Kd3 Kb5 44. Kxd4 Kc6 45. Ke5 Kd7 46. Kf5 Ke7 47. Ne3 Kf7 48. Nd5 Bb2 49. f4 g6+ 50. Ke4 Ke6 51. g4 Ba1 52. Ne3 Bg7 53. g5 Bb2 54. Ng4 Bc1 55. Ne5 1-0

[Event "JUG-ch"]
[Site "Zagreb"]
[Date "1977.??.??"]
[Round "9"]
[White "Rukavina, Josip"]
[Black "Vulevic, Vjekoslav"]
[Result "1-0"]
[WhiteElo "2410"]
[BlackElo "2240"]
[PlyCount "43"]
[EventDate "1977.02.??"]
[Source "ChessBase"]

1. e4 e5 2. d4 Nf6 3. dxe5 Nxe4 4. Qe2 Nc5 5. Nc3 Nc6 6. Nf3 Be7 7. Be3 O-O 8. O-O-O Rb8 9. Qd2 a6 10. Qd5 Ne6 11. Qe4 Re8 12. Bc4 b5 13. Bxe6 fxe6 14. h4 d5 15. exd6 Bxd6 16. Ng5 g6 17. h5 Ne5 18. hxg6 hxg6 19. Rh8+ Kg7 20. Rh7+ Kg8 21. Qh4 Bb7 22. Rf7 1-0

[Event "Burgas-01"]
[Site "Ourense"]
[Date "2001.07.14"]
[Round "8.8"]
[White "Garcia Castro, Pablo"]
[Black "Del Rey, Diego"]
[Result "1/2-1/2"]
[WhiteElo "2280"]
[BlackElo "2368"]
[PlyCount "41"]
[EventDate "2001.07.??"]
[Source "www.chesslib.no"]
[SourceDate "2004.05.04"]

1. e4 e5 2. d4 exd4 3. Nf3 Bc5 4. c3 d5 5. exd5 Nf6 6. Bg5 O-O 7. cxd4 Be7 8. Bxf6 Bxf6 9. Nc3 Nd7 10. Be2 Nb6 11. Qb3 Bg4 12. O-O Bxf3 13. Bxf3 Bxd4 14. Rfd1 Be5 15. a4 Rb8 16. a5 Nd7 17. Qc2 a6 18. g3 Bd6 19. Ra4 f5 20. Ne2 Qf6 21. Bg2 1/2-1/2

[Event "Schwarzach Open A, Salzburg AUT"]
[Site "?"]
[Date "2001.??.??"]
[Round "2"]
[White "Klinger, J."]
[Black "Wieser, R."]
[Result "1/2-1/2"]
[WhiteElo "2440"]
[BlackElo "2205"]
[PlyCount "52"]
[EventDate "2001.??.??"]
[Source "www.chesslib.no"]
[SourceDate "2004.05.04"]

1. e4 e5 2. d4 exd4 3. Nf3 Bb4+ 4. c3 dxc3 5. bxc3 Be7 6. Bc4 d5 7. exd5 Nf6 8. Bf4 Nbd7 9. d6 cxd6 10. Bxd6 O-O 11. O-O Nb6 12. Bxe7 Qxe7 13. Bd3 Bg4 14. Re1 Bxf3 15. gxf3 Qc5 16. f4 Rad8 17. Qf3 Qd5 18. Re3 Qxf3 19. Rxf3 Rd7 20. Na3 Rfd8 21. Bc2 Rd5 22. Rb1 Ra5 23. c4 Rd7 24. Kg2 Na4 25. Rb5 Ra6 26. Rbb3 Rb6 1/2-1/2

[Event "Poio op 3rd"]
[Site "?"]
[Date "2003.09.05"]
[Round "6.2"]
[White "Sanchez Aller Fernando"]
[Black "Musalov Ruslan"]
[Result "0-1"]
[WhiteElo "2249"]
[BlackElo "2387"]
[PlyCount "68"]
[EventDate "2003.??.??"]
[Source "www.chesslib.no"]
[SourceDate "2004.05.04"]

1. e4 e5 2. d4 d6 3. dxe5 dxe5 4. Qxd8+ Kxd8 5. Bc4 f6 6. f4 Nd7 7. Nf3 Bd6 8. g3 c6 9. Be3 Nh6 10. f5 Bc5 11. Bxh6 gxh6 12. a4 Nb6 13. Bb3 Bd7 14. Ke2 Be8 15. g4 Ke7 16. h4 Nd7 17. Ne1 Rd8 18. Nd2 Bd4 19. c3 Bb6 20. Nd3 Nc5 21. Nxc5 Bxc5 22. Nf3 b5 23. axb5 cxb5 24. Bd5 Rxd5 25. exd5 Rg8 26. g5 Bh5 27. Ra6 hxg5 28. hxg5 Rxg5 29. Rh3 Rxf5 30. Re6+ Kf7 31. b3 Bg4 32. Rxh7+ Kg6 33. Rc7 Bxf3+ 34. Kd2 Bxd5 0-1

[Event "Hessenliga"]
[Site "GER"]
[Date "1995.??.??"]
[Round "?"]
[White "Marzoll, Wolfgang"]
[Black "Linker, Torsten"]
[Result "0-1"]
[WhiteElo "2360"]
[BlackElo "2275"]
[PlyCount "92"]
[EventDate "1995.??.??"]
[Source "www.chesslib.no"]
[SourceDate "2004.05.04"]

1. e4 e5 2. d4 d6 3. Bc4 exd4 4. Nf3 Be6 5. Bxe6 fxe6 6. Nxd4 Qd7 7. Nc3 Nc6 8. Nxc6 Qxc6 9. Qg4 Qd7 10. Bg5 Be7 11. Bxe7 Qxe7 12. Qh5+ Qf7 13. Qb5+ c6 14. Qb4 O-O-O 15. Rd1 d5 16. O-O Nf6 17. e5 Nd7 18. f4 g5 19. fxg5 Qg6 20. Qd4 b6 21. b4 Qxg5 22. Rde1 Rhg8 23. Rf2 Rdf8 24. Rxf8+ Rxf8 25. b5 c5 26. Qe3 Qxe3+ 27. Rxe3 d4 28. Rh3 dxc3 29. Rxh7 Rf4 30. Rh3 Nxe5 31. Rxc3 Kd7 32. Ra3 Rb4 33. Rxa7+ Kd6 34. a4 Ng4 35. g3 Rb2 36. Rb7 Rxc2 37. Rxb6+ Kd5 38. a5 Nxh2 39. a6 Nf3+ 40. Kf1 Ra2 41. Rb7 Ke4 42. Re7 e5 43. a7 Ke3 44. Rxe5+ Nxe5 45. b6 Nf3 46. a8=Q Rf2# 0-1

[Event "Chisinau op"]
[Site "Chisinau"]
[Date "1993.??.??"]
[Round "?"]
[White "Doroshenko, Maxim"]
[Black "Sanduleac, Vasile"]
[Result "1/2-1/2"]
[WhiteElo "2310"]
[BlackElo "2325"]
[PlyCount "31"]
[EventDate "1993.??.??"]
[Source "www.chesslib.no"]
[SourceDate "2004.05.04"]

1. e4 e5 2. d4 d5 3. exd5 exd4 4. Bd3 Bd6 5. c3 c6 6. Ne2 Ne7 7. O-O O-O 8. Bf4 Bf5 9. Bxd6 Qxd6 10. Bxf5 Nxf5 11. Nd2 Nd7 12. Nf3 Nf6 13. Nd2 Nd7 14. Nf3 Nf6 15. Ng3 Nxg3 16. hxg3 1/2-1/2

[Event "Guanaba Quadrangular"]
[Site "?"]
[Date "1998.??.??"]
[Round "?"]
[White "Kubrusly Jose Cristovam"]
[Black "Gouveia Carlos Eduardo"]
[Result "0-1"]
[WhiteElo "2225"]
[BlackElo "2390"]
[PlyCount "34"]
[EventDate "1998.??.??"]
[Source "www.chesslib.no"]
[SourceDate "2004.05.04"]

1. e4 e5 2. d4 exd4 3. Nf3 d5 4. Qxd4 Nf6 5. e5 Nc6 6. Bb5 Ne4 7. Be3 Bc5 8. Qd3 O-O 9. Bxc6 bxc6 10. O-O Bb6 11. Nbd2 Bf5 12. Nxe4 dxe4 13. Qxd8 Raxd8 14. Ne1 Be6 15. Bxb6 cxb6 16. b3 Rd2 17. f3 e3 0-1

[Event "Germany"]
[Site "?"]
[Date "1999.??.??"]
[Round "?"]
[White "Jaeckle Marco"]
[Black "Weyrich Morten"]
[Result "1-0"]
[WhiteElo "2270"]
[BlackElo "2345"]
[PlyCount "93"]
[EventDate "1999.??.??"]
[Source "www.chesslib.no"]
[SourceDate "2004.05.04"]

1. e4 e5 2. d4 exd4 3. Bc4 Nc6 4. Nf3 Be7 5. c3 Nf6 6. e5 Ng4 7. cxd4 d5 8. Bb5 a6 9. Bxc6+ bxc6 10. h3 Nh6 11. Bxh6 gxh6 12. Qc1 Rb8 13. Qxc6+ Bd7 14. Qc2 Rg8 15. Kf1 Rg6 16. Nc3 Rgb6 17. Kg1 Rxb2 18. Qxh7 Be6 19. Nd1 R2b6 20. Qxh6 Kd7 21. Qh7 Ba3 22. Ne3 Kc6 23. Kh2 Kb7 24. Rab1 Ka7 25. Rxb6 Rxb6 26. Rb1 Rxb1 27. Qxb1 Be7 28. Nd2 c5 29. dxc5 Bxc5 30. Qd3 Qb8 31. f4 Qb4 32. Kg3 Qb6 33. Nxd5 Qb2 34. Qc3 Qb5 35. Nc7 Qc6 36. Ne4 Qxe4 37. Qxc5+ Kb7 38. Nxe6 fxe6 39. Qe7+ Kb8 40. Qxe6 Qe3+ 41. Kg4 Qe2+ 42. Kg5 Qxg2+ 43. Kf6 Qf2 44. f5 Qh4+ 45. Kg7 Qg5+ 46. Kf8 Qe3 47. Qb3+ 1-0

[Event "FRA Ch National 1"]
[Site "?"]
[Date "2005.05.08"]
[Round "11"]
[White "Hautot Stephane"]
[Black "Bedouin Xavier"]
[Result "0-1"]
[WhiteElo "2325"]
[BlackElo "2282"]
[PlyCount "94"]
[EventDate "2005.??.??"]
[Source "www.chesslib.no"]
[SourceDate "2004.05.04"]

1. e4 e5 2. d4 exd4 3. Nf3 Bb4+ 4. c3 dxc3 5. bxc3 Be7 6. Bc4 d5 7. exd5 Nf6 8. O-O O-O 9. Bb3 Bg4 10. Bb2 Nbd7 11. c4 Bd6 12. Re1 Re8 13. Nbd2 Ne5 14. c5 Bxf3 15. Nxf3 Nxf3+ 16. Qxf3 Bxc5 17. Rxe8+ Qxe8 18. Bc2 Qe7 19. Qf5 Re8 20. Rf1 Qd7 21. Qg5 h6 22. Qg3 Bd6 23. Qd3 Be5 24. Bxe5 Rxe5 25. Qd4 Rxd5 26. Qxa7 b6 27. h3 g6 28. Bb3 Rd2 29. Qa8+ Kg7 30. Qf3 c5 31. Rc1 Qd4 32. Rc4 Qa1+ 33. Kh2 Qe5+ 34. Qg3 Qxg3+ 35. Kxg3 Rd3+ 36. Kh2 Rd4 37. Rc2 Ne4 38. f3 Nd6 39. Rb2 b5 40. a3 c4 41. Ba2 Rd3 42. a4 bxa4 43. Rb4 a3 44. Ra4 c3 45. Bb1 Rd2 46. Rxa3 c2 47. Bxc2 Rxc2 0-1

[Event "ESP-chTB"]
[Site "Oropesa del Mar ESP"]
[Date "1996.??.??"]
[Round "2"]
[White "Toledano Llinares, Juan A"]
[Black "Baron Rodriguez, Jesus"]
[Result "0-1"]
[WhiteElo "2385"]
[BlackElo "2205"]
[PlyCount "30"]
[EventDate "1996.??.??"]
[Source "www.chesslib.no"]
[SourceDate "2004.05.04"]

1. e4 e5 2. d4 exd4 3. Bc4 Nc6 4. Nf3 Bc5 5. O-O d6 6. c3 Bg4 7. b4 Bb6 8. Qb3 Bxf3 9. Bxf7+ Kf8 10. Bxg8 Rxg8 11. gxf3 Qf6 12. c4 d3 13. c5 dxc5 14. Bb2 c4 15. Bxf6 gxf6+ 0-1

[Event "Hessen-ch"]
[Site "Baunatal"]
[Date "1999.03.26"]
[Round "2"]
[White "Grafl, Florian"]
[Black "Alber, Horst"]
[Result "1-0"]
[WhiteElo "2258"]
[BlackElo "2325"]
[PlyCount "55"]
[EventDate "1999.03.26"]
[Source "www.chesslib.no"]
[SourceDate "2004.05.04"]

1. e4 e5 2. d4 d6 3. Nf3 Qe7 4. dxe5 dxe5 5. Nc3 c6 6. Bg5 Nf6 7. Qd2 h6 8. Bh4 Bg4 9. O-O-O Nbd7 10. h3 Bxf3 11. gxf3 O-O-O 12. Bc4 g5 13. Bg3 h5 14. Ne2 h4 15. Bh2 Bh6 16. Qa5 Kb8 17. Nd4 Rhe8 18. Nf5 Qf8 19. Nd6 Re7 20. Nxf7 Rxf7 21. Bxe5+ Ka8 22. Bxf7 b6 23. Qc3 Nxe5 24. Rxd8+ Qxd8 25. Qxe5 g4+ 26. f4 g3 27. fxg3 hxg3 28. Rg1 1-0

[Event "BL2-W 8889"]
[Site "GER"]
[Date "1989.??.??"]
[Round "?"]
[White "Kaeser, Udo"]
[Black "Schlehoefer, Ralf"]
[Result "0-1"]
[WhiteElo "2265"]
[BlackElo "2310"]
[PlyCount "114"]
[EventDate "1988.10.??"]
[Source "www.chesslib.no"]
[SourceDate "2004.05.04"]

1. e4 e5 2. d4 exd4 3. Nf3 Bc5 4. c3 dxc3 5. Bc4 d6 6. Qb3 Qe7 7. Nxc3 c6 8. O-O b5 9. Nxb5 Nf6 10. Nc3 Bg4 11. Bf4 Bxf3 12. gxf3 O-O 13. Rad1 Nbd7 14. Na4 Rab8 15. Qc2 Nh5 16. Bg3 Ne5 17. Nxc5 dxc5 18. Qc3 Nxg3 19. hxg3 Nxc4 20. Qxc4 Rxb2 21. Rb1 Rfb8 22. Rxb2 Rxb2 23. Rc1 Qf6 24. Qxc5 Qxf3 25. Qd4 Qa3 26. Rxc6 h6 27. Qd5 Qf3 28. Rc8+ Kh7 29. Qf5+ Qxf5 30. exf5 Rxa2 31. Rc7 f6 32. g4 a5 33. Kg2 a4 34. Ra7 a3 35. Kg3 Ra1 36. Kh2 Ra2 37. Kg3 Ra1 38. Kh2 Kg8 39. Ra8+ Kf7 40. Ra7+ Kf8 41. Ra8+ Ke7 42. Ra7+ Kd6 43. f4 a2 44. Ra5 Kc6 45. Kg2 Kb6 46. Ra8 Kb5 47. Kh2 Kc4 48. Kg2 Kd4 49. Ra3 Ke4 50. Ra4+ Ke3 51. g5 h5 52. gxf6 gxf6 53. Kh2 Kf3 54. Ra3+ Kxf4 55. Ra5 h4 56. Kg2 h3+ 57. Kh2 Ke4 0-1

[Event "Penrith"]
[Site "?"]
[Date "2003.01.10"]
[Round "11"]
[White "Xie George"]
[Black "Solomon Stephen J"]
[Result "0-1"]
[WhiteElo "2225"]
[BlackElo "2347"]
[PlyCount "58"]
[EventDate "2003.??.??"]
[Source "www.chesslib.no"]
[SourceDate "2004.05.04"]

1. e4 e5 2. d4 exd4 3. Nf3 Bb4+ 4. c3 dxc3 5. bxc3 Bc5 6. Bc4 d6 7. O-O Nc6 8. e5 dxe5 9. Qxd8+ Nxd8 10. Nxe5 Be6 11. Na3 f6 12. Bxe6 Nxe6 13. Nec4 Ne7 14. Re1 Kf7 15. Rb1 b6 16. Be3 Nd5 17. Rbc1 Nxe3 18. fxe3 Bxa3 19. Nxa3 Rhd8 20. Rc2 Rd3 21. Nb5 a5 22. Kf2 Rd5 23. Nd4 Rad8 24. Ke2 Nc5 25. Rf1 Re8 26. Rf3 Ne4 27. a4 Re7 28. Kd3 c5 29. Kc4 cxd4 0-1

[Event "Budapest FS09 IM-A"]
[Site "Budapest"]
[Date "2001.09.06"]
[Round "6"]
[White "Gazic, Josip"]
[Black "Hajnal, Zoltan"]
[Result "0-1"]
[WhiteElo "2215"]
[BlackElo "2355"]
[PlyCount "32"]
[EventDate "2001.09.01"]
[Source "ChessBase"]
[SourceDate "2001.10.26"]

1. e4 e5 2. d4 exd4 3. Bc4 Nf6 4. Nf3 Nxe4 5. Qxd4 Nf6 6. Nc3 Nc6 7. Qh4 Be7 8. Bg5 d6 9. O-O-O Be6 10. Bb5 a6 11. Bxc6+ bxc6 12. Ne5 Nd5 13. Bxe7 Qxe7 14. Qc4 Qg5+ 15. Rd2 Ne7 16. Nxf7 Qxd2+ 0-1

[Event "RUS-Cup2"]
[Site "Moscow"]
[Date "1996.??.??"]
[Round "5"]
[White "Skachkov, Pavel"]
[Black "Lopatskaya, Elena V"]
[Result "1-0"]
[WhiteElo "2355"]
[BlackElo "2210"]
[PlyCount "47"]
[EventDate "1996.11.28"]
[Source "www.chesslib.no"]
[SourceDate "2004.05.04"]

1. e4 e5 2. d4 exd4 3. Bc4 Nf6 4. Nf3 d5 5. exd5 Bb4+ 6. c3 Qe7+ 7. Be2 dxc3 8. bxc3 Bc5 9. O-O O-O 10. Bg5 c6 11. c4 Rd8 12. Nc3 Bb4 13. Qb3 Bxc3 14. Qxc3 cxd5 15. Rfe1 Be6 16. cxd5 Bxd5 17. Bc4 Qc7 18. Bxf6 gxf6 19. Qxf6 Bxc4 20. Qg5+ Kh8 21. Qf6+ Kg8 22. Re5 Nc6 23. Rg5+ Kf8 24. Re1 1-0

[Event "Escuela Valenciana Cerrado 7th"]
[Site "Manises"]
[Date "2002.01.04"]
[Round "4.3"]
[White "Pallardo Lozoya, Jose Vicente"]
[Black "Llobel Cortell, Enrique"]
[Result "0-1"]
[WhiteElo "2173"]
[BlackElo "2377"]
[PlyCount "140"]
[EventDate "2002.01.02"]
[Source "ChessBase"]
[SourceDate "2002.03.14"]

1. e4 e5 2. d4 exd4 3. Nf3 Bb4+ 4. c3 dxc3 5. bxc3 Be7 6. Bc4 d5 7. exd5 Nf6 8. O-O O-O 9. Bb3 Nbd7 10. c4 Nc5 11. Bc2 Bg4 12. Bb2 Nfe4 13. Qd4 Nf6 14. Nbd2 Bh5 15. Nh4 Bg6 16. Nf5 Bxf5 17. Bxf5 Na4 18. Bc1 c6 19. Bc2 Nb6 20. Bb2 cxd5 21. c5 Nbd7 22. Nb3 Rc8 23. Rad1 Nxc5 24. Nxc5 Rxc5 25. Bb1 Qb6 26. Ba1 Rd8 27. Qh4 h6 28. Bd4 Qb4 29. Bd3 Rc7 30. Rfe1 Ne4 31. Qh5 Bf6 32. Bxe4 Bxd4 33. Bxd5 Rcd7 34. Bb3 a5 35. Qf5 Qc5 36. Re8+ Rxe8 37. Qxd7 Bxf2+ 38. Kh1 Qe7 39. Qd3 Qe1+ 40. Qf1 Qxf1+ 41. Rxf1 Re7 42. g3 Bc5 43. a4 g6 44. Bc4 Kg7 45. Kg2 Rc7 46. Bb5 Bd4 47. Rd1 Rc2+ 48. Kf3 Rf2+ 49. Ke4 Bc5 50. h4 h5 51. Rd7 b6 52. Bc4 Rf6 53. Rd3 Rc6 54. Rd7 Rf6 55. Rd3 Rf1 56. Rd7 Rf2 57. Rb7 Bd6 58. Rxb6 Bxg3 59. Rb5 Rf4+ 60. Kd3 Bxh4 61. Rxa5 Bf6 62. Rd5 h4 63. Rd7 Be5 64. a5 h3 65. Bb5 h2 66. Bc6 Rf1 67. Re7 Bf6 68. Re2 h1=Q 69. Bxh1 Rxh1 70. Ra2 Rh8 0-1

[Event "BL2-S 9192"]
[Site "GER"]
[Date "1992.??.??"]
[Round "?"]
[White "Wolf, Walter"]
[Black "Gerigk, Erasmus"]
[Result "1-0"]
[WhiteElo "2265"]
[BlackElo "2270"]
[PlyCount "45"]
[EventDate "1991.10.??"]
[Source "www.chesslib.no"]
[SourceDate "2004.05.04"]

1. e4 e5 2. d4 exd4 3. Nf3 Nf6 4. e5 Ne4 5. Qxd4 d5 6. exd6 Nxd6 7. Bg5 Nc6 8. Qe3+ Be7 9. Bxe7 Nxe7 10. Nbd2 O-O 11. O-O-O Nef5 12. Qf4 Qe8 13. Bd3 Qc6 14. g4 Ne7 15. Ne5 Qb6 16. Qg3 Be6 17. Kb1 Nd5 18. Nb3 a5 19. c4 a4 20. cxd5 axb3 21. dxe6 Rxa2 22. exf7+ Nxf7 23. Bc4 1-0

[Event "Rilton Cup 9495"]
[Site "Stockholm SWE"]
[Date "1994.??.??"]
[Round "5"]
[White "Fransson, Mats"]
[Black "Holving, Rasmus"]
[Result "1-0"]
[WhiteElo "2310"]
[BlackElo "2225"]
[PlyCount "67"]
[EventDate "1994.12.??"]
[Source "www.chesslib.no"]
[SourceDate "2004.05.04"]

1. e4 e5 2. d4 d6 3. dxe5 Nc6 4. exd6 Bxd6 5. Nc3 a6 6. Nf3 Bg4 7. Be2 Qe7 8. Be3 Nf6 9. Nd2 h5 10. h3 Be6 11. Bg5 O-O-O 12. O-O Qd7 13. Nc4 Bxh3 14. Nxd6+ cxd6 15. gxh3 Qxh3 16. Qd3 Qe6 17. f4 d5 18. exd5 Nxd5 19. Bxd8 Rxd8 20. Qe4 Qh3 21. Nxd5 Nd4 22. Bf3 Qg3+ 23. Bg2 Rxd5 24. c3 f5 25. Qe1 Qg4 26. cxd4 h4 27. Qe6+ Rd7 28. Rac1+ Kb8 29. Qxd7 Qxg2+ 30. Kxg2 h3+ 31. Kh1 g5 32. Rc7 g4 33. Rxb7+ Ka8 34. Qc8# 1-0

[Event "Hungary"]
[Site "?"]
[Date "2000.??.??"]
[Round "5"]
[White "Frander Leon Oliver"]
[Black "Borsavolgyi Tamas"]
[Result "0-1"]
[WhiteElo "2221"]
[BlackElo "2310"]
[PlyCount "60"]
[EventDate "2000.??.??"]
[Source "www.chesslib.no"]
[SourceDate "2004.05.04"]

1. e4 e5 2. d4 exd4 3. Nf3 Bb4+ 4. c3 dxc3 5. bxc3 Be7 6. Bc4 d5 7. exd5 Nf6 8. O-O O-O 9. Re1 Nbd7 10. Bf1 Nc5 11. c4 Bg4 12. Nc3 Nfd7 13. Bf4 Bd6 14. Bxd6 cxd6 15. h3 Bh5 16. g4 Bg6 17. Nd4 Qh4 18. Qf3 f5 19. Nxf5 Bxf5 20. gxf5 Ne5 21. Rxe5 dxe5 22. d6 e4 23. Qg4 Qf6 24. Nd5 Qxd6 25. f6 Rf7 26. Ne7+ Kf8 27. fxg7+ Kxe7 28. g8=Q Rxg8 29. Qxg8 Qf6 30. Qc8 Rg7+ 0-1

[Event "NED Team Ch 9495"]
[Site "NED"]
[Date "1994.??.??"]
[Round "3"]
[White "Westerveld, W J."]
[Black "Van Schaardenburg, Mark"]
[Result "1-0"]
[WhiteElo "2245"]
[BlackElo "2285"]
[PlyCount "51"]
[EventDate "1994.??.??"]
[Source "www.chesslib.no"]
[SourceDate "2004.05.04"]

1. e4 e5 2. d4 d6 3. dxe5 dxe5 4. Qxd8+ Kxd8 5. Bc4 f6 6. Be3 c6 7. Nc3 Kc7 8. O-O-O b5 9. Be2 Nd7 10. f4 Bc5 11. Rxd7+ Bxd7 12. Bxc5 exf4 13. Nf3 Nh6 14. Rd1 Nf7 15. a4 a6 16. Bb6+ Kc8 17. b4 Re8 18. h3 g6 19. a5 Rb8 20. Nd4 Ra8 21. Nb3 h5 22. Nc5 Re7 23. Rf1 f5 24. Nxd7 Kxd7 25. exf5 gxf5 26. Bc5 1-0

[Event "Hessenliga 0102"]
[Site "?"]
[Date "2001.10.21"]
[Round "2.1"]
[White "Stelzer Harald"]
[Black "Haubt Georg"]
[Result "0-1"]
[WhiteElo "2282"]
[BlackElo "2247"]
[PlyCount "108"]
[EventDate "2001.??.??"]
[Source "www.chesslib.no"]
[SourceDate "2004.05.04"]

1. e4 e5 2. d4 exd4 3. Nf3 Bb4+ 4. c3 dxc3 5. Nxc3 Qe7 6. Bd3 Nc6 7. O-O Bxc3 8. bxc3 d6 9. h3 Nf6 10. Re1 O-O 11. a4 Ne5 12. Nxe5 dxe5 13. Ba3 c5 14. Bc4 b6 15. Bd5 Bb7 16. Qb3 Rab8 17. Rad1 Qc7 18. c4 Bxd5 19. exd5 Ne8 20. Bb2 f6 21. Bc1 Nd6 22. Qc2 Qc8 23. f4 e4 24. Be3 Re8 25. Rf1 Nf5 26. Rfe1 Nd6 27. Rf1 Qd7 28. Kh2 a6 29. Rfe1 Rec8 30. Bf2 f5 31. Be3 h6 32. Bc1 b5 33. axb5 axb5 34. cxb5 Nxb5 35. Bb2 Nd4 36. Qf2 Rxb2 37. Qxb2 Qxd5 38. Qc3 Kh7 39. Kh1 Rb8 40. Rc1 Rb5 41. Red1 Qd6 42. Qc4 Qxf4 43. Rf1 Qe5 44. Ra1 e3 45. Rae1 Rb2 46. Qc3 Rb3 47. Qc4 Qe4 48. Qxc5 e2 49. Rf2 Rxh3+ 50. Kg1 Rg3 51. Qb6 Qe3 52. Qb1 Nf3+ 53. Kh1 Qxf2 54. Qxf5+ Rg6 0-1

[Event "AUT Team Ch qual"]
[Site "Vienna AUT"]
[Date "1996.??.??"]
[Round "3"]
[White "Staudner, Oliver"]
[Black "Insam, Heinz"]
[Result "1-0"]
[WhiteElo "2280"]
[BlackElo "2245"]
[PlyCount "39"]
[EventDate "1996.??.??"]
[Source "www.chesslib.no"]
[SourceDate "2004.05.04"]

1. e4 e5 2. d4 exd4 3. Nf3 Qe7 4. Bd3 Nc6 5. c3 d5 6. O-O Bg4 7. exd5 Bxf3 8. Qxf3 Ne5 9. Qe4 O-O-O 10. Qxd4 Nxd3 11. Qxd3 Qe5 12. c4 Bd6 13. f4 Bc5+ 14. Kh1 Qd6 15. Nc3 Nf6 16. a3 Ng4 17. Ne4 Qh6 18. Qg3 Qh5 19. Nxc5 Rd6 20. h3 1-0

[Event "Dortmund op-A"]
[Site "Dortmund GER"]
[Date "1992.??.??"]
[Round "4"]
[White "Schulze, Hanjo"]
[Black "Hacker, Christian"]
[Result "1/2-1/2"]
[WhiteElo "2235"]
[BlackElo "2285"]
[PlyCount "110"]
[EventDate "1992.04.??"]
[Source "www.chesslib.no"]
[SourceDate "2004.05.04"]

1. e4 e5 2. d4 exd4 3. Nf3 Nf6 4. e5 Ne4 5. Qxd4 d5 6. exd6 Nxd6 7. Nc3 Nc6 8. Qf4 Nf5 9. Bb5 Bd6 10. Qe4+ Qe7 11. Bd2 Bd7 12. O-O-O Qxe4 13. Nxe4 O-O-O 14. g4 Nfe7 15. Nxd6+ cxd6 16. Ng5 Bxg4 17. Nxf7 Bxd1 18. Rxd1 Ne5 19. Nxd8 Kxd8 20. Ba5+ b6 21. Rxd6+ Kc7 22. Re6 N7g6 23. Bc3 Ng4 24. h4 Rd8 25. h5 Nf4 26. Re7+ Kd6 27. Bb4+ Kd5 28. c4+ Kd4 29. Bc3+ Kc5 30. Rc7+ Kd6 31. Rc6+ Ke7 32. Rc7+ Ke6 33. Bxg7 Nxf2 34. h6 Ne4 35. Ba4 Ne2+ 36. Kb1 Kd6 37. Rc6+ Ke7 38. a3 Rd6 39. Rc8 Rd8 40. Rc7+ Kd6 41. Rc6+ Ke7 42. Ka1 Rd2 43. Rc8 Ke6 44. Re8+ Kf5 45. Re5+ Kf4 46. Rd5 Ke3 47. Kb1 Nf4 48. Rf5 Rg2 49. Bd4+ Kxd4 50. Rxf4 Kd3 51. Bb5 Rh2 52. Rf7 Rh1+ 53. Ka2 Nc5 54. Rxh7 Kc2 55. Rg7 Ra1+ 1/2-1/2

[Event "Open"]
[Site "?"]
[Date "2003.01.29"]
[Round "7"]
[White "McLaren Leonard"]
[Black "Green Peter"]
[Result "1/2-1/2"]
[WhiteElo "2274"]
[BlackElo "2246"]
[PlyCount "73"]
[EventDate "2003.??.??"]
[Source "www.chesslib.no"]
[SourceDate "2004.05.04"]

1. e4 e5 2. d4 d6 3. Nf3 Nc6 4. Bc4 Be7 5. c3 Nf6 6. Nbd2 O-O 7. d5 Nb8 8. h3 Nbd7 9. Qe2 c6 10. Bb3 Nc5 11. c4 Nxb3 12. axb3 Nh5 13. g3 f5 14. exf5 Bxf5 15. Ne4 Bxe4 16. Qxe4 Nf6 17. Qe2 Qd7 18. Ng5 cxd5 19. cxd5 Nxd5 20. O-O Bxg5 21. Bxg5 Nf6 22. Kh2 a6 23. Rad1 Rae8 24. Qd3 d5 25. Bxf6 Rxf6 26. Qxd5+ Qxd5 27. Rxd5 Rf3 28. b4 Rb3 29. b5 Rxb2 30. bxa6 bxa6 31. Ra5 Re6 32. Kg1 Kf7 33. Rfa1 Rbb6 34. h4 Ke7 35. Kg2 h5 36. R1a2 g6 37. Kf3 1/2-1/2

[Event "Corr"]
[Site "?"]
[Date "1998.12.15"]
[Round "?"]
[White "Lavoisier Fabrice (FRA)"]
[Black "MacKintosh Iain A. (SCO)"]
[Result "1/2-1/2"]
[WhiteElo "2224"]
[BlackElo "2295"]
[PlyCount "65"]
[EventDate "1998.??.??"]
[Source "www.chesslib.no"]
[SourceDate "2004.05.04"]

1. e4 e5 2. d4 d6 3. dxe5 dxe5 4. Qxd8+ Kxd8 5. Nf3 Bd6 6. Bc4 f6 7. O-O Bg4 8. Nc3 Nc6 9. Be3 Bxf3 10. gxf3 a6 11. Rfd1 Ke8 12. Kh1 Nge7 13. Rg1 Ng6 14. Rad1 Rd8 15. a3 Kf8 16. Ne2 Nce7 17. f4 exf4 18. Nxf4 Nxf4 19. Bxf4 Ng6 20. Bxd6+ Rxd6 21. Rxd6 cxd6 22. Bd5 b5 23. Bb7 Ke7 24. Bxa6 Rb8 25. f4 Kf8 26. f5 Ne7 27. c4 bxc4 28. Bxc4 Rxb2 29. Be6 Re2 30. Rb1 g6 31. Rb8+ Kg7 32. Rb7 Kf8 33. Rb8+ 1/2-1/2

[Event "New England Open 57th"]
[Site "?"]
[Date "1997.??.??"]
[Round "?"]
[White "Casella Michael"]
[Black "Bauer Richard N"]
[Result "0-1"]
[WhiteElo "2280"]
[BlackElo "2235"]
[PlyCount "73"]
[EventDate "1997.??.??"]
[Source "www.chesslib.no"]
[SourceDate "2004.05.04"]

1. e4 e5 2. d4 exd4 3. Nf3 Bb4+ 4. c3 dxc3 5. bxc3 Bc5 6. Bc4 d6 7. Bg5 Ne7 8. O-O Nbc6 9. Nbd2 O-O 10. Nb3 Bb6 11. a4 a5 12. Nbd4 Bg4 13. Qb3 h6 14. Bh4 Qd7 15. h3 Bxf3 16. Nxf3 Ng6 17. Bg3 Rae8 18. Rfe1 Nce5 19. Nxe5 Nxe5 20. Bd5 Nd3 21. Re2 Nc5 22. Qc2 Kh8 23. Bc4 f5 24. exf5 Rxe2 25. Bxe2 Qxf5 26. Qxf5 Rxf5 27. Bf3 d5 28. Re1 Nxa4 29. Re8+ Kh7 30. c4 c6 31. cxd5 cxd5 32. Bg4 Rf6 33. Re7 Bd4 34. Rxb7 Nc3 35. Bh4 Rf8 36. Kf1 a4 37. Rb2 0-1